[Event "DMP-III LIGA Senior PK 2020"]
[Site "Bystre"]
[Date "2020.07.10"]
[Round "4.3"]
[White "Stefanski, Adam"]
[Black "Biesiadecki, Adam"]
[Result "0-1"]
[WhiteElo "1387"]
[BlackElo "1539"]
[Annotator "NA RC"]
[PlyCount "80"]
[EventDate "2020.07.05"]
[EventType "team-tourn"]
[EventCountry "POL"]
[SourceTitle "playchess.com"]
[Source "ChessBase"]
[SourceQuality "1"]
[TimeControl "5400+30"]

1. c4 {[%emt 0:00:24]} Nf6 {[%emt 0:00:00]} 2. Nc3 {[%emt 0:00:07]} e6 {[%emt 0:00:04]} 3. g3 {[%emt 0:00:06]} d5 {[%emt 0:00:12]} 4. cxd5 {[%emt 0:02:25]} exd5 {[%emt 0:00:32]} 5. d4 {[%emt 0:00:33]} c6 {[%emt 0:01:35]} 6. Nf3 {[%emt 0:03:56]} Bd6 {[%emt 0:02:04]} 7. Bg2 {[%emt 0:01:38]} O-O {[%emt 0:00:09]} 8. O-O {[%emt 0:00:24]} Re8 {[%emt 0:00:34]} 9. Bg5 {[%emt 0:19:26]} h6 {[%emt 0:02:14]} 10. Bxf6 {[%emt 0:05:15]} Qxf6 {[%emt 0:04:39]} 11. Re1 {[%emt 0:10:27]} Bb4 {[%emt 0:05:01]} 12. a3 {[%emt 0:02:20]} Bxc3 {[%emt 0:00:44]} 13. bxc3 {[%emt 0:00:02]} Bf5 {[%emt 0:02:40]} 14. Nd2 {[%emt 0:23:25]} Nd7 {[%emt 0:02:38]} 15. e4 {[%emt 0:08:31]} dxe4 {[%emt 0:00:06]} 16. Bxe4 {[%emt 0:03:15]} Be6 {[%emt 0:04:01]} 17. Rb1 {[%emt 0:03:11]} Nb6 {[%emt 0:00:39]} 18. Bd3 {[%emt 0:00:36]} Bf5 {[%emt 0:03:11]} 19. Ne4 {[%emt 0:05:24]} Bxe4 {[%emt 0:00:55]} 20. Bxe4 {[%emt 0:00:11]} Re7 {[%emt 0:00:36]} 21. Bd3 {[%emt 0:03:27]} Rae8 {[%emt 0:00:27]} 22. Rxe7 {[%emt 0:00:26]} Rxe7 {[%emt 0:00:01]} 23. a4 {[%emt 0:01:06]} Qg5 {[%emt 0:01:23]} 24. Qc2 {[%emt 0:04:02]} Nd5 {[%emt 0:01:02]} 25. Kg2 {[%emt 0:00:50]} Nf4+ {[%emt 0:00:07]} 26. Kg1 {[%emt 0:00:52]} h5 {[%emt 0:04:13]} 27. h4 {[%emt 0:00:01]} Qg4 {[%emt 0:01:17]} 28. Bf5 {[%emt 0:00:42]} Qf3 {[%emt 0:01:07]} 29. gxf4 {[%emt 0:00:42]} Re2 {[%emt 0:00:24]} 30. Qxe2 {[%emt 0:00:44]} Qxe2 {[%emt 0:00:02]} 31. Rxb7 {[%emt 0:00:19]} g6 {[%emt 0:00:08]} 32. Bh3 {[%emt 0:00:41]} Qe1+ {[%emt 0:00:08]} 33. Kg2 {[%emt 0:00:15]} Qxc3 {[%emt 0:00:10]} 34. Rxa7 {[%emt 0:00:16]} Qxd4 {[%emt 0:00:07]} 35. Ra6 {[%emt 0:00:55]} Qxf4 {[%emt 0:00:10]} 36. Bd7 {[%emt 0:00:22]} c5 {[%emt 0:00:19]} 37. a5 {[%emt 0:00:42]} Qe4+ {[%emt 0:00:15]} 38. Kg1 {[%emt 0:00:17]} Qb1+ {[%emt 0:00:19]} 39. Kh2 {[%emt 0:00:38]} Qb7 {[%emt 0:00:15]} 40. Rb6 {[%emt 0:00:35]} Qxd7 {[%emt 0:00:04]} 0-1

[Event "DMP-III LIGA Senior PK 2020"]
[Site "Bystre"]
[Date "2020.07.10"]
[Round "4.6"]
[White "Krzyzanowska-Zadlo, Lidia"]
[Black "Trybowska, Anna"]
[Result "1/2-1/2"]
[WhiteElo "1801"]
[BlackElo "1583"]
[Annotator "NA RC"]
[PlyCount "38"]
[EventDate "2020.07.05"]
[EventType "team-tourn"]
[EventCountry "POL"]
[SourceTitle "playchess.com"]
[Source "ChessBase"]
[SourceQuality "1"]
[TimeControl "5400+30"]

{[%evp 8,34,56,52,49,27,40,33,32,28,23,30,31,32767,32767,32767,32767,14,11,-8,0,-11,-14,-25,0,-22,0,-10,-12]} 1. e4 {[%emt 0:00:00]} e6 {[%emt 0:00:00]} 2. d4 {[%emt 0:00:00]} d5 {[%emt 0:00:00]} 3. Nd2 {[%emt 0:00:16]} dxe4 {[%emt 0:03:03]} 4. Nxe4 {[%emt 0:00:48]} Bd7 {[%emt 0:00:52]} 5. Nf3 {[%emt 0:07:32]} Bc6 {[%emt 0:01:00]} 6. Ng3 {[%emt 0:00:54]} Nd7 {[%emt 0:00:28]} 7. Be2 {[%emt 0:00:45]} Ngf6 {[%emt 0:00:30]} 8. O-O {[%emt 0:00:17]} Bd6 {[%emt 0:01:16]} 9. c4 {[%emt 0:02:00]} b6 {[%emt 0:00:58]} 10. Re1 {[%emt 0:04:19]} O-O {[%emt 0:00:19]} 11. a3 {[%emt 0:00:31]} a5 {[%emt 0:00:57]} 12. Bd2 {[%emt 0:01:17]} Bb7 {[%emt 0:00:50]} 13. Qc2 {[%emt 0:07:18]} c5 {[%emt 0:01:32]} 14. Rad1 {[%emt 0:01:31]} Qc7 {[%emt 0:01:27]} 15. Be3 {[%emt 0:10:30]} Rac8 {[%emt 0:00:58]} 16. dxc5 {[%emt 0:00:50]} Bxc5 {[%emt 0:01:45]} 17. Bxc5 $11 {[%emt 0:22:49]} Qxc5 {[%emt 0:01:28]} 18. Qb3 {[%emt 0:05:30]} Bxf3 {[%emt 0:02:28]} 19. Qxf3 {[%emt 0:02:01]} Ne5 {[%emt 0:04:35]} 1/2-1/2

[Event "DMP-III LIGA Senior PK 2020"]
[Site "Bystre"]
[Date "2020.07.10"]
[Round "4.7"]
[White "Lach, Dariusz"]
[Black "Miasik, Adrian"]
[Result "0-1"]
[WhiteElo "1748"]
[BlackElo "1881"]
[Annotator "NA RC"]
[PlyCount "108"]
[EventDate "2020.07.05"]
[EventType "team-tourn"]
[EventCountry "POL"]
[SourceTitle "playchess.com"]
[Source "ChessBase"]
[SourceQuality "1"]
[TimeControl "5400+30"]

1. d4 {[%emt 0:00:00]} d5 {[%emt 0:00:00]} 2. Nf3 {[%emt 0:00:00]} e6 {[%emt 0:00:00]} 3. g3 {[%emt 0:00:06]} c5 {[%emt 0:02:21]} 4. e3 {[%emt 0:00:36]} Nf6 {[%emt 0:01:06]} 5. c3 {[%emt 0:00:09]} Bd6 {[%emt 0:02:00]} 6. Bg2 {[%emt 0:00:10]} Nbd7 {[%emt 0:01:23]} 7. O-O {[%emt 0:07:53]} b6 {[%emt 0:04:10]} 8. Nbd2 {[%emt 0:00:30]} Bb7 {[%emt 0:04:33]} 9. Re1 {[%emt 0:00:50]} h6 {[%emt 0:02:32]} 10. a3 {[%emt 0:02:15]} O-O {[%emt 0:02:28]} 11. Nf1 {[%emt 0:05:22]} (11. b3 $11) 11... Qc7 {[%emt 0:05:27]} 12. N1d2 {[%emt 0:03:21]} Rfe8 {[%emt 0:07:47]} 13. Nf1 {[%emt 0:05:08]} b5 {[%emt 0:07:31]} 14. Bd2 {[%emt 0:00:59]} a5 {[%emt 0:02:55]} 15. Qb3 {[%emt 0:06:28]} Qb6 $17 {[%emt 0:12:19]} 16. Rec1 {[%emt 0:01:42]} Ba6 {[%emt 0:02:02]} 17. Qd1 {[%emt 0:00:54]} Rec8 {[%emt 0:05:59]} 18. h3 {[%emt 0:00:55]} Rab8 {[%emt 0:06:56]} 19. g4 {[%emt 0:00:29]} Ne4 {[%emt 0:01:29]} 20. Be1 {[%emt 0:00:30]} Bc7 {[%emt 0:02:34]} 21. N3d2 {[%emt 0:01:20]} Ndf6 {[%emt 0:03:02]} 22. f4 {[%emt 0:00:21]} Qd6 {[%emt 0:04:05]} 23. Nxe4 {[%emt 0:02:53]} Nxe4 {[%emt 0:00:35]} 24. Ng3 {[%emt 0:00:26]} Nxg3 {[%emt 0:01:37]} 25. Bxg3 {[%emt 0:00:10]} b4 {[%emt 0:00:28]} 26. axb4 {[%emt 0:00:26]} cxb4 {[%emt 0:00:59]} 27. Bf1 {[%emt 0:01:09]} bxc3 {[%emt 0:01:20]} 28. bxc3 {[%emt 0:00:14]} Rb2 {[%emt 0:00:38]} 29. Rcb1 {[%emt 0:00:47]} Rcb8 {[%emt 0:01:25]} 30. Rxb2 {[%emt 0:00:35]} Rxb2 {[%emt 0:00:04]} 31. Rb1 {[%emt 0:00:32]} Rxb1 {[%emt 0:00:14]} 32. Qxb1 {[%emt 0:00:05]} Bxf1 {[%emt 0:00:39]} 33. Kxf1 {[%emt 0:00:15]} Qa6+ {[%emt 0:00:11]} 34. Kf2 {[%emt 0:00:24]} a4 {[%emt 0:00:21]} 35. f5 {[%emt 0:00:10]} Bxg3+ {[%emt 0:01:12]} 36. Kxg3 {[%emt 0:00:06]} a3 {[%emt 0:04:52]} 37. fxe6 {[%emt 0:00:25]} Qxe6 {[%emt 0:00:13]} 38. Kf2 {[%emt 0:00:38]} Qd6 {[%emt 0:01:32]} 39. Kg2 {[%emt 0:00:31]} Qa6 {[%emt 0:00:34]} 40. Qb8+ {[%emt 0:01:11]} Kh7 {[%emt 0:00:03]} 41. Qb1+ {[%emt 0:00:16]} g6 {[%emt 0:03:15]} 42. Qa2 {[%emt 0:00:30]} Qa5 {[%emt 0:00:40]} 43. Kf3 {[%emt 0:00:42]} Kg7 {[%emt 0:00:08]} 44. e4 {[%emt 0:00:08]} Qxc3+ {[%emt 0:00:07]} 45. Kf4 {[%emt 0:00:37]} Qxd4 {[%emt 0:00:52]} 46. Qxa3 {[%emt 0:00:17]} Qxe4+ {[%emt 0:00:44]} 47. Kg3 {[%emt 0:00:19]} d4 {[%emt 0:00:08]} 48. Qd6 {[%emt 0:00:19]} Qe3+ {[%emt 0:01:15]} 49. Kg2 {[%emt 0:00:09]} d3 {[%emt 0:00:23]} 50. h4 {[%emt 0:00:38]} d2 {[%emt 0:00:11]} 51. g5 {[%emt 0:00:27]} Qe2+ {[%emt 0:01:09]} 52. Kg3 {[%emt 0:00:40]} d1=Q {[%emt 0:00:20]} 53. gxh6+ {[%emt 0:01:04]} Kh7 {[%emt 0:00:30]} 54. Qf6 {[%emt 0:00:24]} Qdd3+ {[%emt 0:00:12]} 0-1

[Event "DMP-III LIGA Senior PK 2020"]
[Site "Bystre"]
[Date "2020.07.10"]
[Round "4.8"]
[White "Ciasnocha, Michal"]
[Black "Lach, Ireneusz"]
[Result "1-0"]
[WhiteElo "1795"]
[BlackElo "1897"]
[Annotator "NA RC"]
[PlyCount "117"]
[EventDate "2020.07.05"]
[EventType "team-tourn"]
[EventCountry "POL"]
[SourceTitle "playchess.com"]
[Source "ChessBase"]
[SourceQuality "1"]
[TimeControl "5400+30"]

1. d4 {[%emt 0:00:00]} Nf6 {[%emt 0:00:00]} 2. Nf3 {[%emt 0:00:00]} d6 {[%emt 0:00:00]} 3. g3 {[%emt 0:00:06]} g6 {[%emt 0:00:09]} 4. Bg2 {[%emt 0:00:16]} Bg7 {[%emt 0:00:06]} 5. O-O {[%emt 0:00:27]} O-O {[%emt 0:00:15]} 6. b3 {[%emt 0:01:39]} c6 {[%emt 0:03:13]} 7. Bb2 {[%emt 0:00:16]} Nbd7 {[%emt 0:04:37]} 8. Nbd2 {[%emt 0:02:43]} Re8 {[%emt 0:04:42]} 9. Re1 {[%emt 0:05:34] A49: 1 d4 Nf6 2 Nf3 g6 3 g3: Anti-King's Indian systems.} d5 {[%emt 0:10:52]} 10. c4 {[%emt 0:03:44] [#]} Nf8 $146 {[%emt 0:08:46]} ({Predecessor:} 10... e6 11. Qc2 Bf8 12. e4 dxe4 13. Nxe4 Nxe4 14. Qxe4 Bd6 15. Rad1 Nf6 16. Qc2 Be7 {1-0 (28) Timman,J (2555)-Henningsen,L (1930) Helsingor 2018}) 11. Ne5 {[%emt 0:06:56]} Ng4 {[%emt 0:05:20]} 12. Ndf3 {[%emt 0:22:45]} Nxe5 {[%emt 0:04:28]} 13. Nxe5 {[%emt 0:01:38]} Bf5 {[%emt 0:01:59]} 14. Rc1 {[%emt 0:02:44]} f6 {[%emt 0:11:19]} 15. Nd3 {[%emt 0:06:14]} Bh6 {[%emt 0:12:34]} 16. e3 {[%emt 0:04:16]} Bxd3 {[%emt 0:04:45]} 17. Qxd3 {[%emt 0:00:08]} e6 {[%emt 0:00:24]} 18. b4 a6 19. a4 {[%emt 0:02:35]} f5 {[%emt 0:03:34]} 20. cxd5 {[%emt 0:03:59]} cxd5 {[%emt 0:03:09]} 21. Bf1 {[%emt 0:02:16]} Nd7 {[%emt 0:03:07]} 22. Qb3 {[%emt 0:02:30]} Bf8 {[%emt 0:01:46]} 23. Rc2 {[%emt 0:03:05]} Rc8 {[%emt 0:07:15]} 24. Rxc8 {[%emt 0:01:07]} Qxc8 {[%emt 0:00:05]} 25. Rc1 {[%emt 0:00:22]} Qd8 {[%emt 0:00:21]} 26. Bc3 {[%emt 0:06:13]} Bd6 {[%emt 0:04:21]} 27. Bd3 {[%emt 0:03:22]} Nb8 {[%emt 0:04:25]} 28. Kg2 {[%emt 0:02:11]} Re7 {[%emt 0:01:06]} 29. f3 {[%emt 0:01:13]} Rc7 {[%emt 0:00:51]} 30. e4 {[%emt 0:01:14]} Bf8 {[%emt 0:00:32]} (30... fxe4 $142 31. fxe4 Qg5) 31. Re1 {[%emt 0:02:29]} fxe4 $16 {[%emt 0:00:42]} 32. fxe4 {[%emt 0:00:14]} Rf7 {[%emt 0:00:35]} 33. Rf1 {[%emt 0:01:55]} Rxf1 {[%emt 0:00:00]} 34. Bxf1 {[%emt 0:00:05]} Nc6 {[%emt 0:00:16]} 35. Be2 {[%emt 0:02:04]} Bg7 {[%emt 0:00:50]} 36. Bf3 {[%emt 0:03:49]} Nxd4 {[%emt 0:00:50]} 37. Bxd4 {[%emt 0:00:11]} Bxd4 {[%emt 0:00:06]} 38. exd5 {[%emt 0:00:22]} e5 {[%emt 0:00:14]} 39. d6+ {[%emt 0:00:26]} Kf8 {[%emt 0:01:16]} 40. Qe6 {[%emt 0:00:03]} Qg5 {[%emt 0:00:32]} 41. Qc8+ {[%emt 0:01:35]} Kg7 {[%emt 0:00:13]} 42. Qxb7+ {[%emt 0:00:25]} Kh6 {[%emt 0:00:09]} 43. Qe7 {[%emt 0:00:25]} Qd2+ {[%emt 0:00:18]} 44. Kh3 {[%emt 0:00:10]} Bg1 {[%emt 0:01:13]} 45. Qxe5 {[%emt 0:04:01]} Qxh2+ {[%emt 0:00:35]} 46. Kg4 {[%emt 0:00:06]} Qd2 {[%emt 0:00:31]} 47. Qf4+ {[%emt 0:02:15]} Qxf4+ {[%emt 0:00:12]} 48. Kxf4 {[%emt 0:00:05]} Bb6 {[%emt 0:00:20]} 49. a5 {[%emt 0:00:11]} Bd8 {[%emt 0:00:10]} 50. Be2 {[%emt 0:00:16]} Kg7 {[%emt 0:00:53]} 51. Bxa6 {[%emt 0:00:14]} Kf6 {[%emt 0:00:18]} 52. Bc4 {[%emt 0:00:17]} h5 {[%emt 0:00:12]} 53. Ke4 {[%emt 0:01:16]} g5 {[%emt 0:00:23]} 54. Kd5 {[%emt 0:00:29]} h4 {[%emt 0:00:22]} 55. gxh4 {[%emt 0:00:09]} gxh4 {[%emt 0:00:05]} 56. Bf1 {[%emt 0:00:10]} Kf7 {[%emt 0:00:47]} 57. Bh3 {[%emt 0:00:09]} Kf6 {[%emt 0:00:07]} 58. Kc6 {[%emt 0:00:20]} Ke5 {[%emt 0:00:12]} 59. a6 {[%emt 0:00:20]} 1-0

[Event "DMP-III LIGA Senior PK 2020"]
[Site "Bystre"]
[Date "2020.07.10"]
[Round "4.9"]
[White "Janzer, Hubert"]
[Black "Babiarz, Arkadiusz"]
[Result "1/2-1/2"]
[WhiteElo "1893"]
[BlackElo "1840"]
[Annotator "NA RC"]
[PlyCount "160"]
[EventDate "2020.07.05"]
[EventType "team-tourn"]
[EventCountry "POL"]
[SourceTitle "playchess.com"]
[Source "ChessBase"]
[SourceQuality "1"]
[TimeControl "5400+30"]

1. d4 {[%emt 0:00:00]} d5 {[%emt 0:00:00]} 2. Bf4 {[%emt 0:00:00]} c5 {[%emt 0:00:00]} 3. c3 {[%emt 0:00:03]} Nc6 {[%emt 0:00:00]} 4. e3 {[%emt 0:00:05]} Nf6 {[%emt 0:00:00]} 5. Nd2 {[%emt 0:00:04]} e6 {[%emt 0:00:07]} 6. Ngf3 {[%emt 0:00:25]} Bd6 {[%emt 0:00:09]} 7. Bg3 {[%emt 0:00:12]} O-O {[%emt 0:00:46]} 8. Bd3 {[%emt 0:00:11]} b6 {[%emt 0:00:34]} 9. Ne5 {[%emt 0:00:22]} Bb7 {[%emt 0:00:06]} 10. O-O {[%emt 0:02:39]} Qc7 {[%emt 0:01:31]} 11. f4 {[%emt 0:00:41]} Ne7 {[%emt 0:00:33] D02: 1 d4 d5 2 Nf3 sidelines, including 2...Nf6 3 g3 and 2...Nf6 3 Bf4.} 12. Bh4 {[%emt 0:00:57]} Ne4 {[%emt 0:01:56]} 13. Bxe7 {[%emt 0:21:16]} Qxe7 {[%emt 0:01:41]} 14. Bxe4 {[%emt 0:05:59]} dxe4 {[%emt 0:00:08]} 15. Qc2 {[%emt 0:00:17] [#]} f6 $146 {[%emt 0:01:33]} ({Predecessor:} 15... f5 16. Ndc4 Bc7 17. a4 Kh8 18. Rad1 Bd5 19. Kh1 Rac8 20. Qe2 Bb8 21. Rc1 Qe8 {0-1 (33) Ning,K (2157)-Shuvalova,P (2388) Moscow 2018}) 16. Nec4 {[%emt 0:03:25]} cxd4 {[%emt 0:00:38]} 17. exd4 {[%emt 0:06:31]} Rac8 {[%emt 0:01:54]} 18. b3 {[%emt 0:08:48]} b5 {[%emt 0:13:14]} 19. Ne3 {[%emt 0:02:34]} Bb4 {[%emt 0:02:52]} 20. Nb1 {[%emt 0:06:51]} ({Better is} 20. Ndc4 $15) 20... Bxc3 {[%emt 0:04:08]} 21. Nxc3 {[%emt 0:00:19]} b4 {[%emt 0:00:04]} 22. Nc4 {[%emt 0:00:25]} bxc3 {[%emt 0:00:10]} 23. Qxc3 {[%emt 0:00:07]} Rfd8 {[%emt 0:01:45]} 24. Rfd1 {[%emt 0:01:20]} Rd5 {[%emt 0:17:27]} 25. Qe3 {[%emt 0:02:18]} Rcd8 {[%emt 0:01:34]} 26. Rd2 {[%emt 0:01:27]} Kh8 {[%emt 0:08:27]} 27. Qxe4 {[%emt 0:04:52]} Rxd4 {[%emt 0:00:37]} 28. Qxd4 {[%emt 0:00:17]} Rxd4 {[%emt 0:00:05]} 29. Rxd4 {[%emt 0:00:04]} h6 {[%emt 0:04:08]} 30. Rad1 {[%emt 0:04:02]} Qc5 {[%emt 0:00:56]} 31. Kh1 {[%emt 0:00:06]} Kh7 {[%emt 0:01:27]} 32. a3 {[%emt 0:05:54]} Bd5 {[%emt 0:00:39]} 33. b4 {[%emt 0:00:37]} Qc6 {[%emt 0:00:21]} 34. Ne3 {[%emt 0:00:22]} Bb3 {[%emt 0:00:16]} 35. R1d3 {[%emt 0:05:26]} Qc1+ {[%emt 0:00:06]} 36. Nd1 {[%emt 0:00:07]} Qxa3 {[%emt 0:00:37]} 37. h3 {[%emt 0:00:15]} Qa1 {[%emt 0:09:18]} 38. Kh2 {[%emt 0:00:45]} Bc2 {[%emt 0:00:49]} 39. Rd2 {[%emt 0:00:17]} a5 {[%emt 0:05:30]} 40. Ne3 {[%emt 0:01:41]} Bb3 {[%emt 0:00:27]} 41. b5 {[%emt 0:02:56]} Bd5 {[%emt 0:04:14]} (41... Qc1 $17 42. b6 Qc6) 42. Nxd5 {[%emt 0:00:24]} exd5 {[%emt 0:00:01]} 43. Rxd5 {[%emt 0:00:10]} a4 {[%emt 0:00:57]} 44. Rd7 {[%emt 0:03:52]} Qb1 {[%emt 0:00:29]} 45. Ra7 {[%emt 0:00:30]} (45. R2d4 $5 {[%cal Rd4a4]}) 45... Qxb5 {[%emt 0:00:49]} 46. Rdd7 {[%emt 0:00:07]} Kg6 {[%emt 0:00:22]} (46... Qf1 $11) 47. Rdb7 {[%emt 0:01:25]} Qc4 {[%emt 0:01:02]} (47... Qc6 $1 $14) 48. Rxg7+ {[%emt 0:00:26]} Kf5 {[%emt 0:00:06]} 49. Ra5+ {[%emt 0:00:28]} Ke4 $16 {[%emt 0:00:07]} 50. Rga7 {[%emt 0:00:31]} Qc1 {[%emt 0:01:00]} 51. Rxa4+ {[%emt 0:00:05]} Kf5 {[%emt 0:06:59]} 52. R7a5+ {[%emt 0:01:47]} Kg6 {[%emt 0:00:47]} 53. f5+ {[%emt 0:00:12]} Kh5 {[%emt 0:00:52]} 54. Ra2 {[%emt 0:04:29]} Kg5 {[%emt 0:01:58]} 55. R5a3 {[%emt 0:01:40]} Qf4+ {[%emt 0:02:48]} 56. Rg3+ {[%emt 0:02:11]} Kxf5 {[%emt 0:00:06]} 57. Raa3 {[%emt 0:00:32]} Ke6 {[%emt 0:00:31]} 58. Raf3 {[%emt 0:00:22]} Qd6 {[%emt 0:00:28]} 59. Kg1 {[%emt 0:00:22]} Qd1+ {[%emt 0:00:38]} 60. Rf1 {[%emt 0:00:07]} Qd4+ {[%emt 0:00:13]} 61. Kh1 {[%emt 0:00:06]} Kf7 {[%emt 0:01:17]} 62. Rgf3 {[%emt 0:00:17]} Qe5 {[%emt 0:00:13]} 63. Rf5 {[%emt 0:00:35]} Qb2 {[%emt 0:00:19]} 64. Kh2 {[%emt 0:00:08]} Qb8+ {[%emt 0:00:16]} 65. R1f4 {[%emt 0:00:17]} Qd6 {[%emt 0:00:33]} 66. Kg3 {[%emt 0:00:15]} Kg6 {[%emt 0:00:32]} 67. Kh4 {[%emt 0:00:27]} Qe6 {[%emt 0:00:41]} 68. Rxf6+ {[%emt 0:00:28]} Qxf6+ {[%emt 0:00:05]} 69. Rxf6+ {[%emt 0:00:09]} Kxf6 {[%emt 0:00:03]} 70. Kg4 {[%emt 0:00:11]} Kg6 {[%emt 0:00:21]} 71. h4 {[%emt 0:00:07]} Kf6 {[%emt 0:00:25]} 72. Kf4 {[%emt 0:00:55]} Kg6 {[%emt 0:01:13]} 73. g4 {[%emt 0:00:28]} Kf6 {[%emt 0:00:06]} 74. Ke4 {[%emt 0:01:33]} Ke6 {[%emt 0:00:14]} 75. Kd4 {[%emt 0:00:11]} Kd6 {[%emt 0:00:23]} 76. g5 {[%emt 0:00:47]} hxg5 {[%emt 0:00:37]} 77. hxg5 {[%emt 0:00:04]} Ke6 {[%emt 0:00:07]} 78. Ke4 {[%emt 0:00:07]} Kf7 {[%emt 0:00:15]} 79. Kf5 {[%emt 0:00:05]} Kg7 {[%emt 0:00:09]} 80. g6 {[%emt 0:00:15]} Kg8 {[%emt 0:00:06]} 1/2-1/2

[Event "DMP-III LIGA Senior PK 2020"]
[Site "Bystre"]
[Date "2020.07.10"]
[Round "4.10"]
[White "Ziemniak, Piotr"]
[Black "Lach, Tomasz"]
[Result "0-1"]
[WhiteElo "1791"]
[BlackElo "1833"]
[Annotator "NA RC"]
[PlyCount "112"]
[EventDate "2020.07.05"]
[EventType "team-tourn"]
[EventCountry "POL"]
[SourceTitle "playchess.com"]
[Source "ChessBase"]
[SourceQuality "1"]
[TimeControl "5400+30"]

1. e4 {[%emt 0:00:00]} c6 {[%emt 0:00:00]} 2. d4 {[%emt 0:00:10]} d5 {[%emt 0:00:00]} 3. Nc3 {[%emt 0:00:04]} a6 {[%emt 0:00:02]} 4. Bd3 {[%emt 0:00:58]} dxe4 {[%emt 0:02:55]} 5. Bxe4 {[%emt 0:01:30]} Nf6 {[%emt 0:00:08]} 6. Bf3 {[%emt 0:01:20] B15: Caro-Kann: 3 Nc3: 3...g6 and 3...dxe4 4 Nxe4 Nf6 5 Nxf6+ exf6.} Bf5 {[%emt 0:00:15]} 7. Nge2 {[%emt 0:01:04]} (7. g4 $5 {[%cal Rg4f5]} Be6 8. g5 $11) 7... e6 {[%emt 0:00:15]} 8. Ng3 {[%emt 0:02:32]} Bg6 {[%emt 0:00:13] [#]} 9. O-O $146 {[%emt 0:03:06]} ({Predecessor:} 9. Nce2 Bd6 10. h4 h6 11. Bf4 Be7 12. c4 Nbd7 13. h5 Bh7 14. O-O O-O 15. Nc3 {½-½ (58) Sihite,C (2206)-Zhao,X (2508) Tromsoe 2014}) 9... Be7 {[%emt 0:00:23]} 10. Bf4 {[%emt 0:01:59]} O-O {[%emt 0:00:12]} 11. Qd2 {[%emt 0:02:54]} Nbd7 {[%emt 0:01:06]} 12. h4 {[%emt 0:04:38]} h6 {[%emt 0:05:13]} 13. Rad1 {[%emt 0:03:19]} Nb6 {[%emt 0:01:37]} 14. h5 {[%emt 0:02:26]} Bh7 $1 {[%emt 0:00:27]} 15. Qe2 {[%emt 0:02:27]} Re8 {[%emt 0:05:02]} 16. Rfe1 {[%emt 0:01:09]} Nbd5 {[%emt 0:02:09]} 17. Nxd5 {[%emt 0:01:09]} Nxd5 {[%emt 0:00:22]} 18. Bd2 {[%emt 0:02:09]} (18. Bc1 $11 {remains equal.}) 18... Qc7 {[%emt 0:02:19]} ({Black should try} 18... Bxc2 $17 19. Rc1 Bh7) 19. c3 {[%emt 0:09:48]} Rad8 {[%emt 0:01:29]} 20. Bxd5 {[%emt 0:08:21]} cxd5 {[%emt 0:02:36]} 21. Qg4 {[%emt 0:03:29]} Kh8 {[%emt 0:01:17]} 22. Bf4 $11 {[%emt 0:07:06]} Bd6 {[%emt 0:00:47]} 23. Bxd6 {[%emt 0:04:07]} Qxd6 {[%emt 0:00:08]} 24. Ne2 {[%emt 0:02:12]} b5 {[%emt 0:01:35]} 25. Qf4 {[%emt 0:03:30]} Qxf4 {[%emt 0:01:21]} 26. Nxf4 {[%emt 0:00:05]} a5 {[%emt 0:01:38]} 27. Nd3 {[%emt 0:01:37]} Bxd3 {[%emt 0:00:06]} 28. Rxd3 {[%emt 0:00:04]} Rb8 {[%emt 0:03:21]} 29. a3 {[%emt 0:04:40]} Rec8 {[%emt 0:01:03]} 30. Re2 {[%emt 0:05:38]} b4 {[%emt 0:01:38]} 31. cxb4 {[%emt 0:03:44]} axb4 {[%emt 0:00:06]} 32. Rb3 {[%emt 0:00:32]} bxa3 {[%emt 0:00:53]} 33. Rxb8 {[%emt 0:00:33]} Rxb8 {[%emt 0:00:05]} 34. bxa3 {[%emt 0:00:05]} Rb1+ {[%emt 0:00:47]} 35. Kh2 {[%emt 0:00:03]} Ra1 {[%emt 0:00:11]} 36. Re3 {[%emt 0:00:12]} Rd1 {[%emt 0:02:25]} 37. Rb3 {[%emt 0:00:52]} Rxd4 {[%emt 0:00:36]} 38. Rb4 {[%emt 0:01:34]} Rd2 {[%emt 0:01:02]} 39. Kg3 {[%emt 0:00:28]} Rd3+ {[%emt 0:00:15]} 40. Kf4 {[%emt 0:01:06]} Rxa3 {[%emt 0:00:38]} 41. Rb7 {[%emt 0:04:06]} f6 {[%emt 0:02:12]} 42. Rb6 {[%emt 0:00:50]} Ra4+ {[%emt 0:00:28]} 43. Kf3 {[%emt 0:02:28]} e5 {[%emt 0:01:30]} 44. g3 {[%emt 0:03:12]} Ra2 {[%emt 0:00:55]} 45. g4 {[%emt 0:01:41]} Ra3+ {[%emt 0:00:49]} 46. Ke2 {[%emt 0:00:29]} Ra4 {[%emt 0:04:44]} 47. f3 {[%emt 0:00:55]} Rf4 {[%emt 0:01:24]} 48. Rd6 {[%emt 0:01:54]} e4 {[%emt 0:01:44]} 49. Rxd5 {[%emt 0:03:18]} exf3+ {[%emt 0:00:00]} 50. Kf2 {[%emt 0:00:00]} Rxg4 {[%emt 0:00:01]} 51. Kxf3 {[%emt 0:00:08]} Rg5 {[%emt 0:00:11]} 52. Rd8+ {[%emt 0:03:42]} Kh7 {[%emt 0:00:15]} 53. Kf4 {[%emt 0:00:09]} Rxh5 {[%emt 0:00:14]} 54. Kg4 {[%emt 0:00:08]} Ra5 {[%emt 0:00:43]} 55. Kh4 {[%emt 0:00:23]} Kg6 {[%emt 0:00:12]} 56. Rd7 {[%emt 0:00:34]} Ra4+ {[%emt 0:00:32]} 0-1